|
|
|
|
| LEADER |
00000cam a2200000 7i4500 |
| 001 |
0000001031 |
| 005 |
20131209.0 |
| 020 |
0 |
0 |
|a 9798316231
|
| 090 |
0 |
0 |
|a R580
|b PLA 1994
|
| 245 |
0 |
0 |
|a PLANTS resources of South-East Asia :
|b Bibliography 4 : Forages
|c editor, N. Wulijarni-Soetjipto
|
| 250 |
0 |
0 |
|a 1st ed.
|
| 260 |
0 |
0 |
|a Bogor, Indonesia :
|b PROSEA ,
|c 1994
|
| 300 |
|
|
|a 228 p. ;
|c 26 cm.
|
| 650 |
0 |
0 |
|a Forage plants
|x Bibliography
|
| 650 |
0 |
0 |
|a Forage
|x Bibliography
|
| 700 |
0 |
1 |
|a Wulijarni-Soetjipto
|h N.
|
| 998 |
|
|
|a JPSM
|
| 999 |
|
|
|a 0000002547
|b Monograph
|c Reference
|e Default branch
|